| 000 | 00381nam a22001457a 4500 | ||
|---|---|---|---|
| 008 | 230405b |||||||| |||| 00| 0 eng d | ||
| 020 | _a978-0-241-30068-8 | ||
| 082 | _a155.2 | ||
| 100 | _aSusan Cain | ||
| 245 |
_aBittersweet, _bHow sorrow and longing make us whole |
||
| 260 |
_bViking, _c2021 |
||
| 300 |
_a310 p. _c23 cm |
||
| 942 | _2ddc | ||
| 999 |
_c9497 _d9498 |
||